Đặc điểm thổ nhưàng tỉnh Hậu Giang Luận văn tốt nghiệp Đại học Sư phạm ngành Địa Khóa 13
Na minha lista:
| Autor principal: | |
|---|---|
| Formato: | Livro |
| Idioma: | Undetermined |
| Publicado em: |
Cần Thơ
Trường Đại học Cần Thơ, Khoa Sư phạm, Bộ môn Địa lí
1991
|
| Tags: |
Adicionar Tag
Sem tags, seja o primeiro a adicionar uma tag!
|
| Thư viện lưu trữ: | Trung tâm Học liệu Trường Đại học Cần Thơ |
|---|
| LEADER | 00701nam a2200181Ia 4500 | ||
|---|---|---|---|
| 001 | CTU_33629 | ||
| 008 | 210402s9999 xx 000 0 und d | ||
| 082 | |a 333.73 | ||
| 082 | |b Gi106/1991 | ||
| 100 | |a Đào Thị Hương Giang | ||
| 245 | 0 | |a Đặc điểm thổ nhưàng tỉnh Hậu Giang | |
| 245 | 0 | |b Luận văn tốt nghiệp Đại học Sư phạm ngành Địa Khóa 13 | |
| 245 | 0 | |c Đào Thị Hương Giang | |
| 260 | |a Cần Thơ | ||
| 260 | |b Trường Đại học Cần Thơ, Khoa Sư phạm, Bộ môn Địa lí | ||
| 260 | |c 1991 | ||
| 904 | |i Nguyễn Quang Điền, 991104 | ||
| 980 | |a Trung tâm Học liệu Trường Đại học Cần Thơ | ||